| 000 | 00571nam a2200229 a 4500 | ||
|---|---|---|---|
| 003 | AR-BaBNM | ||
| 005 | 20251128203222.0 | ||
| 008 | 082120s2002 ||||||||||||||000 | spa|| | ||
| 040 | _cAR-BaBNM | ||
| 100 | 1 | _aMuzzio, Nelly | |
| 245 | 0 | 0 | _aJean de Dinard |
| 260 |
_aSanta Fe _bLibrerĂa y Editorial CastellvĂ _c1973 |
||
| 300 | _a103 p. | ||
| 650 | 4 | _aLITERATURA ARGENTINA | |
| 650 | 4 | _aLITERATURA CONTEMPORANEA | |
| 650 | 4 | _aHISTORIAS DE AMOR | |
| 653 | _aNARRATIVA | ||
| 653 | _aNOVELA BIOGRAFICA | ||
| 655 | _aLITERATURA | ||
| 942 | _cBK | ||
| 998 | _cMARTIN | ||
| 999 |
_c2443 _d2443 |
||